[Event "SVK-chT2B 2223"]
[Site "Slovakia"]
[Date "2023.01.15"]
[Round "7.3"]
[White "Veres, Andrej"]
[Black "Lasch, Miroslav"]
[Result "1-0"]
[WhiteElo "2144"]
[BlackElo "2043"]
[PlyCount "77"]
[EventDate "2022.10.08"]
[EventType "team-tourn"]
[EventRounds "11"]
[EventCountry "SVK"]
[SourceTitle "EXT 2024"]
[Source "ChessBase"]
[SourceDate "2023.10.10"]
[SourceVersion "1"]
[SourceVersionDate "2023.10.10"]
[SourceQuality "1"]
[WhiteTeam "Belusa"]
[BlackTeam "Dubnica nad Vahom III"]
[WhiteTeamCountry "SVK"]
[BlackTeamCountry "SVK"]

1. d4 Nf6 2. Nf3 g6 3. g3 Bg7 4. Bg2 0-0 5. d5 c6 6. c4 cxd5 7. cxd5 Qa5+ 8. Bd2 Qxd5 9. Nc3 Qa5 10. e4 Nc6 11. 0-0 d6 12. a3 Bg4 13. h3 Bxf3 14. Bxf3 Nd4 15. Bg2 Rfe8 16. Ra2 Qc7 17. Be3 e5 18. g4 Rac8 19. f4 Qc4 20. f5 a6 21. Rf2 Nb5 22. Nxb5 Qxa2 23. b3 Qxf2+ 24. Kxf2 axb5 25. g5 Nh5 26. f6 Bf8 27. Bf1 d5 28. exd5 Nf4 29. d6 Red8 30. d7 Rc7 31. Bxb5 Bc5 32. Bxc5 Rxc5 33. Qd6 Nxh3+ 34. Ke3 Rxb5 35. Qe7 Rxb3+ 36. Kd2 Rd3+ 37. Kxd3 Nf4+ 38. Kc2 Ne6 39. Qe8+ 1-0

[Event "SVK-chT 2122"]
[Site "Slovakia"]
[Date "2022.02.20"]
[Round "4.1"]
[White "Veres, Andrej"]
[Black "Varga, Zoltan"]
[Result "0-1"]
[WhiteElo "2217"]
[BlackElo "2385"]
[PlyCount "74"]
[EventDate "2021.10.23"]
[EventType "team-tourn"]
[EventRounds "11"]
[EventCountry "SVK"]
[SourceTitle "EXT 2023"]
[Source "ChessBase"]
[SourceDate "2022.10.05"]
[SourceVersion "1"]
[SourceVersionDate "2022.10.05"]
[SourceQuality "1"]
[WhiteTeam "Dubnica nad Vahom"]
[BlackTeam "Dunajska Streda"]
[WhiteTeamCountry "SVK"]
[BlackTeamCountry "SVK"]

1. d4 d5 2. Nf3 c6 3. g3 Nf6 4. Bg2 Bg4 5. 0-0 Nbd7 6. Nbd2 e6 7. b3 a5 8. a4 Be7 9. Bb2 0-0 10. c4 Re8 11. Ne5 Nxe5 12. dxe5 Nd7 13. h3 Bh5 14. g4 Bg6 15. f4 Bc5+ 16. Kh1 Be3 17. cxd5 cxd5 18. Rf3 Ba7 19. f5 exf5 20. gxf5 Bh5 21. Rd3 Nxe5 22. Rxd5 Qc7 23. Ne4 Nc6 24. Bxg7 Rxe4 25. Bxe4 Qf4 26. Bg2 Re8 27. e3 Qh4 28. Qf1 Kxg7 29. f6+ Kh6 30. e4 Bb8 31. Qe1 Qxf6 32. Rf5 Qxf5 33. exf5 Rxe1+ 34. Rxe1 Bd6 35. Rc1 Ba3 36. Re1 Bb4 37. Rc1 Kg5 0-1

[Event "SVK-chT1W 2122"]
[Site "Slovakia"]
[Date "2022.02.13"]
[Round "7.1"]
[White "Ondrus, Martin"]
[Black "Veres, Andrej"]
[Result "1/2-1/2"]
[WhiteElo "2257"]
[BlackElo "2169"]
[PlyCount "24"]
[EventDate "2021.11.06"]
[EventType "team-tourn"]
[EventRounds "11"]
[EventCountry "SVK"]
[SourceTitle "EXT 2023"]
[Source "ChessBase"]
[SourceDate "2022.10.05"]
[SourceVersion "1"]
[SourceVersionDate "2022.10.05"]
[SourceQuality "1"]
[WhiteTeam "Nitra NSK"]
[BlackTeam "Dubnica nad Vahom II"]
[WhiteTeamCountry "SVK"]
[BlackTeamCountry "SVK"]

1. e4 e5 2. Nf3 Nc6 3. d4 exd4 4. Nxd4 Nf6 5. Nxc6 bxc6 6. e5 Qe7 7. Qe2 Nd5 8. c4 Ba6 9. b3 g6 10. f4 0-0-0 11. Qf2 Nb6 12. Bb2 Bb7 1/2-1/2

[Event "SVK-chT 1920"]
[Site "Slovakia"]
[Date "2020.09.04"]
[Round "9.6"]
[White "Schwarz, Dusan"]
[Black "Veres, Andrej"]
[Result "1-0"]
[WhiteElo "2315"]
[BlackElo "2236"]
[PlyCount "109"]
[EventDate "2019.10.19"]
[EventType "team-tourn"]
[EventRounds "11"]
[EventCountry "SVK"]
[SourceTitle "EXT 2021"]
[Source "ChessBase"]
[SourceDate "2020.10.23"]
[SourceVersion "1"]
[SourceVersionDate "2020.10.23"]
[SourceQuality "1"]
[WhiteTeam "Modra"]
[BlackTeam "Dubnica nad Vahom"]
[WhiteTeamCountry "SVK"]
[BlackTeamCountry "SVK"]

1. d4 Nf6 2. c4 e6 3. Nc3 d5 4. Bg5 Be7 5. Nf3 0-0 6. Qc2 Nbd7 7. 0-0-0 c6 8. e4 Nxe4 9. Nxe4 dxe4 10. Bxe7 Qxe7 11. Qxe4 Nf6 12. Qh4 c5 13. Bd3 Qc7 14. Rhe1 b5 15. Re5 cxd4 16. Rxb5 Ba6 17. Rg5 g6 18. Qxd4 Rfd8 19. Qe5 Qc8 20. Qc3 Qc7 21. Ra5 Bb7 22. Qe5 Qxe5 23. Rxe5 Ng4 24. Re2 f6 25. b3 Bxf3 26. gxf3 Ne5 27. Be4 Rxd1+ 28. Kxd1 Rc8 29. f4 Ng4 30. h3 Nh6 31. Rd2 Rc7 32. Kc2 Nf7 33. Kc3 Kf8 34. b4 f5 35. Bg2 Ke7 36. c5 h6 37. h4 g5 38. hxg5 hxg5 39. fxg5 Nxg5 40. Kc4 f4 41. Rd3 Kf6 42. b5 e5 43. Rd6+ Kf5 44. a4 f3 45. Bf1 Kf4 46. Rf6+ Kg4 47. Rg6 Kf4 48. Bd3 Nh3 49. Rf6+ Kg4 50. Bf5+ Kg5 51. Rc6 Kxf5 52. Rxc7 Nxf2 53. Rf7+ Ke4 54. c6 Nd1 55. c7 1-0

[Event "SVK-chT1W 1920"]
[Site "Slovakia"]
[Date "2020.02.23"]
[Round "9.2"]
[White "Schwarz, Dusan"]
[Black "Veres, Andrej"]
[Result "1-0"]
[WhiteElo "2311"]
[BlackElo "2236"]
[PlyCount "73"]
[EventDate "2019.10.12"]
[EventType "team-tourn"]
[EventRounds "11"]
[EventCountry "SVK"]
[SourceTitle "CBM 195 Extra"]
[Source "ChessBase"]
[SourceDate "2020.05.31"]
[SourceVersion "1"]
[SourceVersionDate "2020.05.31"]
[SourceQuality "1"]
[WhiteTeam "Bratislava Doprastav"]
[BlackTeam "Dubnica nad Vahom II"]
[WhiteTeamCountry "SVK"]
[BlackTeamCountry "SVK"]

1. d4 Nf6 2. c4 e6 3. Nc3 d5 4. Bg5 Be7 5. e3 0-0 6. Nf3 Nbd7 7. Rc1 Re8 8. Bd3 dxc4 9. Bxc4 c5 10. 0-0 cxd4 11. Nxd4 a6 12. Qe2 Nb6 13. Bb3 Bd7 14. Rfd1 Qb8 15. e4 Nfd5 16. Bxe7 Nxc3 17. Rxc3 Rxe7 18. Qh5 Na4 19. Rg3 Qf8 20. Qe2 Rd8 21. e5 g6 22. Nf3 Bb5 23. Rxd8 Qxd8 24. Qe3 Nxb2 25. h4 Rd7 26. Ng5 Bc6 27. h5 Bd5 28. Nxh7 Kxh7 29. hxg6+ fxg6 30. Rh3+ Kg8 31. Qh6 Qf8 32. Qh8+ Kf7 33. Rh7+ Ke8 34. Qxf8+ Kxf8 35. Rxd7 Bc6 36. Rd6 Na4 37. Rxc6 1-0

[Event "SVK-chT1W 1920"]
[Site "Slovakia"]
[Date "2020.01.25"]
[Round "7.3"]
[White "Veres, Andrej"]
[Black "Kalisky, Vladimir"]
[Result "1/2-1/2"]
[WhiteElo "2236"]
[BlackElo "2113"]
[PlyCount "127"]
[EventDate "2019.10.12"]
[EventType "team-tourn"]
[EventRounds "11"]
[EventCountry "SVK"]
[SourceTitle "CBM 194 Extra"]
[Source "ChessBase"]
[SourceDate "2020.03.31"]
[SourceVersion "1"]
[SourceVersionDate "2020.03.31"]
[SourceQuality "1"]
[WhiteTeam "Dubnica nad Vahom II"]
[BlackTeam "Nitra NSK"]
[WhiteTeamCountry "SVK"]
[BlackTeamCountry "SVK"]

1. d4 Nf6 2. Nf3 d5 3. c4 c5 4. cxd5 cxd4 5. Qa4+ Qd7 6. Qxd4 Qxd5 7. Qxd5 Nxd5 8. a3 Bf5 9. Nbd2 Nf6 10. Nd4 Bd7 11. e4 Nc6 12. Nxc6 Bxc6 13. f3 g6 14. Nc4 Bg7 15. Rb1 0-0 16. Be3 Rfc8 17. Be2 Bd7 18. Kf2 Be6 19. Rhc1 Nd7 20. Na5 Rxc1 21. Bxc1 Nc5 22. Be3 Rc8 23. b4 Na4 24. Rc1 Bb2 25. Rxc8+ Bxc8 26. Nc4 Be6 27. Nxb2 Nxb2 28. Bxa7 Bc4 29. Bd4 Bxe2 30. Bxb2 Bd1 31. b5 Ba4 32. b6 f5 33. Ke3 e6 34. Kf4 Kf7 35. g3 Bb5 36. h4 Be2 37. Bc3 Bd3 38. a4 fxe4 39. fxe4 Ba6 40. Ke5 Be2 41. Kd6 h5 42. Bd2 Bd3 43. e5 Ba6 44. Kc7 Ke8 45. Bg5 Kf7 46. a5 Ke8 47. Bf6 Kf7 48. Bd8 Ke8 49. Bg5 Kf7 50. Bf6 Ke8 51. Kd6 Kf7 52. Kc5 Ke8 53. Bg5 Kf7 54. Bf6 Ke8 55. Kd4 Kf7 56. Ke3 Ke8 57. Kf4 Kf7 58. Kg5 Be2 59. Kh6 Bd3 60. Kh7 Be2 61. Kh8 Bd3 62. Kh7 Be2 63. Kh8 Bd3 64. Kh7 1/2-1/2

[Event "SVK-chT1W 1819"]
[Site "Slovakia"]
[Date "2019.01.13"]
[Round "6.1"]
[White "Aczel, Gergely"]
[Black "Veres, Andrej"]
[Result "1-0"]
[WhiteElo "2551"]
[BlackElo "2235"]
[PlyCount "89"]
[EventDate "2018.10.27"]
[EventType "team-tourn"]
[EventRounds "11"]
[EventCountry "SVK"]
[SourceTitle "CBM 188 Extra"]
[Source "ChessBase"]
[SourceDate "2019.02.26"]
[SourceVersion "1"]
[SourceVersionDate "2019.02.26"]
[SourceQuality "1"]
[WhiteTeam "Nitra NSK"]
[BlackTeam "Dubnica nad Vahom II"]
[WhiteTeamCountry "SVK"]
[BlackTeamCountry "SVK"]

1. d4 Nf6 2. c4 e6 3. Nc3 d5 4. cxd5 exd5 5. Bg5 Be7 6. e3 0-0 7. Bd3 Nbd7 8. Nf3 Re8 9. 0-0 c6 10. Qc2 Nf8 11. h3 Ne4 12. Bf4 Nxc3 13. bxc3 Bd6 14. Bxd6 Qxd6 15. c4 dxc4 16. Bxc4 Be6 17. Rfc1 Rad8 18. Rab1 Re7 19. Bxe6 Qxe6 20. Qa4 a6 21. Ne5 Rd5 22. Qc2 g5 23. Nd3 Ng6 24. Nc5 Qc8 25. Qd1 Nf8 26. Qf3 f5 27. Nxa6 Qe6 28. Nc5 Qf7 29. a4 h5 30. Nd3 g4 31. hxg4 hxg4 32. Qg3 Ng6 33. Rc5 f4 34. Qxg4 fxe3 35. fxe3 Rxc5 36. Nxc5 Rxe3 37. Rf1 Qe8 38. Nd7 Kg7 39. Ne5 Rxe5 40. dxe5 Qxe5 41. Kh1 Qb8 42. Qd4+ Kh6 43. Rf3 Kh5 44. g4+ Kg5 45. Qf6+ 1-0

[Event "SVK-chT 1617"]
[Site "Slovakia"]
[Date "2017.02.19"]
[Round "8.5"]
[White "Petran, Peter"]
[Black "Veres, Andrej"]
[Result "0-1"]
[WhiteElo "2306"]
[BlackElo "2199"]
[PlyCount "120"]
[EventDate "2016.10.22"]
[EventType "team-tourn"]
[EventRounds "11"]
[EventCountry "SVK"]
[SourceTitle "CBM 177 Extra"]
[Source "ChessBase"]
[SourceDate "2017.04.27"]
[SourceVersion "1"]
[SourceVersionDate "2017.04.27"]
[SourceQuality "1"]
[WhiteTeam "Bratislava Slovan"]
[BlackTeam "Dubnica nad Vahom"]
[WhiteTeamCountry "SVK"]
[BlackTeamCountry "SVK"]

1. g3 d5 2. Bg2 Nf6 3. Nf3 e6 4. c4 Be7 5. 0-0 0-0 6. b3 b6 7. Bb2 Bb7 8. d4 Na6 9. Ne5 c5 10. e3 Qc7 11. Nc3 cxd4 12. exd4 dxc4 13. Nb5 Qc8 14. Bxb7 Qxb7 15. bxc4 Rfd8 16. Qf3 Qxf3 17. Nxf3 Nb4 18. Rfd1 a6 19. Na3 Rac8 20. Kf1 Ne4 21. Ke2 Nc6 22. Ke3 Nd6 23. Rac1 Nf5+ 24. Ke4 Nb4 25. c5 bxc5 26. dxc5 Rxd1 27. Rxd1 Bxc5 28. Rd2 Nd6+ 29. Kf4 Nd5+ 30. Kg4 Ne4 31. Kh3 Nxf2+ 32. Kg2 Nd1 33. Nc4 Bb4 34. Rxd1 Rxc4 35. Rc1 Rxc1 36. Bxc1 Bc3 37. a3 e5 38. Kf2 f5 39. Ke2 e4 40. Ng5 Nc7 41. Kd1 h6 42. Kc2 Ba5 43. Nh3 Ne6 44. Be3 Be1 45. Kb3 g5 46. Kc4 Kf7 47. a4 Kf6 48. Kd5 Bc3 49. Nf2 Be5 50. Bb6 Bc3 51. a5 Bd2 52. Nd1 h5 53. h3 f4 54. gxf4 Nxf4+ 55. Kc6 Ng2 56. Nf2 Kf5 57. Kb7 e3 58. Nd3 e2 59. Kxa6 Nf4 60. Nxf4 gxf4 0-1

[Event "SVK-chT 1617"]
[Site "Slovakia"]
[Date "2016.12.18"]
[Round "4.5"]
[White "Haring, Filip"]
[Black "Veres, Andrej"]
[Result "0-1"]
[WhiteElo "2098"]
[BlackElo "2199"]
[PlyCount "94"]
[EventDate "2016.10.22"]
[EventType "team-tourn"]
[EventRounds "11"]
[EventCountry "SVK"]
[SourceTitle "CBM 177 Extra"]
[Source "ChessBase"]
[SourceDate "2017.04.27"]
[SourceVersion "1"]
[SourceVersionDate "2017.04.27"]
[SourceQuality "1"]
[WhiteTeam "Dunajov Inbest"]
[BlackTeam "Dubnica nad Vahom"]
[WhiteTeamCountry "SVK"]
[BlackTeamCountry "SVK"]

1. e4 e5 2. Nf3 Nc6 3. d4 exd4 4. Bc4 Bc5 5. c3 Nf6 6. 0-0 dxc3 7. Nxc3 d6 8. h3 h6 9. Re1 0-0 10. Bf4 Nd7 11. a3 a6 12. b4 Ba7 13. Ba2 Nde5 14. Nd5 Be6 15. Rc1 Rc8 16. Qe2 Re8 17. Red1 Nxf3+ 18. Qxf3 Nd4 19. Rxd4 Bxd4 20. Rd1 Be5 21. Bxe5 dxe5 22. Nb6 Qe7 23. Nxc8 Rxc8 24. Bxe6 Qxe6 25. Qc3 f6 26. Rd5 c6 27. Rd2 Qe7 28. Qc5 Qxc5 29. bxc5 Rc7 30. Kf1 Kf7 31. Ke2 Ke7 32. Rd3 Rd7 33. Rxd7+ Kxd7 34. Kd3 Kc7 35. Kc4 Kb8 36. Kb4 Ka7 37. Ka5 b6+ 38. Kb4 a5+ 39. Kc4 b5+ 40. Kc3 a4 41. h4 h5 42. f3 g5 43. g3 Kb7 44. hxg5 fxg5 45. f4 gxf4 46. gxf4 exf4 47. e5 h4 0-1

[Event "SVK-chT 1617"]
[Site "Slovakia"]
[Date "2016.10.23"]
[Round "2.5"]
[White "Veres, Andrej"]
[Black "Banas, Kamil"]
[Result "1/2-1/2"]
[WhiteElo "2199"]
[BlackElo "2240"]
[PlyCount "40"]
[EventDate "2016.10.22"]
[EventType "team-tourn"]
[EventRounds "11"]
[EventCountry "SVK"]
[SourceTitle "CBM 175 Extra"]
[Source "ChessBase"]
[SourceDate "2016.12.12"]
[SourceVersion "1"]
[SourceVersionDate "2016.12.12"]
[SourceQuality "1"]
[WhiteTeam "Dubnica nad Vahom"]
[BlackTeam "Modra"]
[WhiteTeamCountry "SVK"]
[BlackTeamCountry "SVK"]

1. d4 Nf6 2. Nf3 c5 3. e3 g6 4. Bd3 Bg7 5. 0-0 cxd4 6. exd4 d5 7. h3 0-0 8. c3 Nc6 9. Re1 a6 10. Bf4 Bf5 11. Bxf5 gxf5 12. Nbd2 Ne4 13. Nf1 e6 14. Ng3 Nxg3 15. Bxg3 Bf6 16. Qe2 Kh8 17. Ne5 Nxe5 18. Bxe5 Rg8 19. Rad1 Rc8 20. Rd3 Rg6 1/2-1/2

[Event "SVK-chT 1617"]
[Site "Slovakia"]
[Date "2016.10.22"]
[Round "1.6"]
[White "Peitl, Tomas"]
[Black "Veres, Andrej"]
[Result "1-0"]
[WhiteElo "2209"]
[BlackElo "2199"]
[PlyCount "62"]
[EventDate "2016.10.22"]
[EventType "team-tourn"]
[EventRounds "11"]
[EventCountry "SVK"]
[SourceTitle "CBM 175 Extra"]
[Source "ChessBase"]
[SourceDate "2016.12.12"]
[SourceVersion "1"]
[SourceVersionDate "2016.12.12"]
[SourceQuality "1"]
[WhiteTeam "Devinska Nova Ves"]
[BlackTeam "Dubnica nad Vahom"]
[WhiteTeamCountry "SVK"]
[BlackTeamCountry "SVK"]

1. e4 e5 2. Nf3 Nc6 3. Bb5 a6 4. Ba4 Nf6 5. 0-0 Be7 6. Re1 b5 7. Bb3 0-0 8. h3 d6 9. c3 Na5 10. Bc2 c5 11. d4 Qc7 12. Nbd2 Bb7 13. Nf1 cxd4 14. cxd4 d5 15. dxe5 Nxe4 16. Be3 Rac8 17. Rc1 Qb8 18. Qd3 g6 19. Bb1 Nc4 20. Bd4 Nc5 21. Bxc5 Bxc5 22. e6 Qa7 23. Kh1 Ba8 24. Ng5 f5 25. Re2 Be7 26. Qg3 Qd4 27. Nf7 f4 28. Qg4 Ne5 29. Nxe5 Rxc1 30. Bxg6 Rxf1+ 31. Kh2 Rf7 1-0

[Event "SVK-chT1W 1516"]
[Site "Slovakia"]
[Date "2016.03.20"]
[Round "11.1"]
[White "Veres, Andrej"]
[Black "Zetocha, Claudiu"]
[Result "0-1"]
[WhiteElo "2186"]
[BlackElo "2322"]
[PlyCount "42"]
[EventDate "2015.10.24"]
[EventType "team-tourn"]
[EventRounds "11"]
[EventCountry "SVK"]
[SourceTitle "EXT 2017"]
[Source "ChessBase"]
[SourceDate "2016.10.25"]
[SourceVersion "1"]
[SourceVersionDate "2016.10.25"]
[SourceQuality "1"]
[WhiteTeam "Dubnica nad Vahom"]
[BlackTeam "Bratislava Slovan II"]
[WhiteTeamCountry "SVK"]
[BlackTeamCountry "SVK"]

1. e4 c5 2. Nf3 e6 3. c3 d5 4. exd5 Qxd5 5. d4 Nf6 6. Na3 cxd4 7. Nb5 Qd8 8. Bf4 Nd5 9. Bxb8 Rxb8 10. Qxd4 a6 11. Qe5 Ra8 12. 0-0-0 f6 13. Qh5+ g6 14. Qh4 axb5 15. Bxb5+ Kf7 16. Rhe1 Rxa2 17. Ne5+ Kg7 18. Ng4 Ra1+ 19. Kc2 Rxd1 20. Rxd1 h5 21. Rxd5 exd5 0-1

[Event "SVK-chT 1516"]
[Site "Slovakia"]
[Date "2016.01.17"]
[Round "6.5"]
[White "Veres, Andrej"]
[Black "Pacher, Milan"]
[Result "0-1"]
[WhiteElo "2191"]
[BlackElo "2471"]
[PlyCount "56"]
[EventDate "2015.10.10"]
[EventType "team-tourn"]
[EventRounds "11"]
[EventCountry "SVK"]
[SourceTitle "CBM 170 Extra"]
[Source "ChessBase"]
[SourceDate "2016.02.25"]
[SourceVersion "1"]
[SourceVersionDate "2016.02.25"]
[SourceQuality "1"]
[WhiteTeam "Dubnica nad Vahom"]
[BlackTeam "Bratislava Slovan"]
[WhiteTeamCountry "SVK"]
[BlackTeamCountry "SVK"]

1. d4 Nf6 2. Nf3 g6 3. c4 Bg7 4. Nc3 0-0 5. e4 d6 6. Be2 Na6 7. 0-0 e5 8. d5 Nc5 9. Qc2 a5 10. b3 Nh5 11. g3 f5 12. Nd2 Nf6 13. f3 f4 14. Rf2 fxg3 15. hxg3 h5 16. Nf1 Nh7 17. Nd1 Ng5 18. Bxg5 Qxg5 19. Qd2 Qf6 20. Rh2 Bd7 21. Nf2 Rf7 22. Nh3 Raf8 23. Re1 b6 24. Bd1 Qd8 25. Qe3 Bf6 26. Qh6 Rg7 27. g4 Nd3 28. Re3 Nf4 0-1